000 00403nam a2200169Ia 4500
008 230524s9999 xx 000 0 und d
082 _a621.386
_bAOT
100 _aD.P.Kothari
245 0 _aModern Power System Analysis
250 _a3RD
260 _aNEW DELHI
_bTMH
_c2006
300 _aXIV;685
500 _aQuantity Number: 2
650 _aElectrical
700 _a I.J.Nagrath
942 _cBK
999 _c36359
_d36359